| 000 | 00874nam a2200241 a 4500 | ||
|---|---|---|---|
| 999 |
_c814 _d814 |
||
| 001 | 1027 | ||
| 003 | BD-DhUAP | ||
| 005 | 20210118160523.0 | ||
| 008 | 200128s1996 ii b b 001 0 eng | ||
| 020 | _a9840513257 | ||
| 040 |
_aBD-DhUAP _cBD-DhUAP _bEng _dBD-DhUAP |
||
| 082 | 0 | 0 |
_a954.14 MUR _223 |
| 100 | 1 | _aMurshid, Tazeen M. | |
| 245 | 1 | 4 |
_aThe sacred and the secular : _bBengal Muslim discourses : 1871-1977 / _cTazeen M. Murshid. |
| 260 |
_aBangladesh : _bUniversity Press, _cc1996. |
||
| 300 |
_axvi, 492 pages ; _c22 cm. |
||
| 504 | _aIncludes bibliographical references and index. | ||
| 520 | _aRole of the Bengal Muslim intelligentsia in politics, social change, and cultural values. | ||
| 650 | 0 |
_aMuslims _zIndia _zWest Bengal _xIntellectual life. |
|
| 650 | 0 |
_aMuslims _zBangladesh _xIntellectual life. |
|
| 942 |
_2ddc _cBK |
||